000 00889cam a2200217 4500
001 WB3803-10
008 020123n2002 000 0 eng u
035 _a(Sirsi) u116413
245 _aHouse prices are affordable
260 _c2002
490 _aRICS Press Release
_v(pr005) 21 January 2002, (2)
520 _aLatest Residential Economic forecast by RICS argues house prices are more affordable now than 20 years ago. Cost of buying a home now takes up 20% of disposable income, less than half the cost of in the late 1980s. RICS economists predict that prices will rise by 6% in 2002 compared with 10% last year.
590 _aWB
650 _aHOUSE PRICES
650 _aECONOMIC CONDITIONS
650 _aECONOMIC CONDITIONS
650 _aINTEREST RATES
650 _aDISPOSABLE INCOME
690 _aPROPERTY-RESIDENTIAL PROPERTY-RESIDENTIAL PROPERTY MARKET
942 _n0
999 _c69339
_d69339